Fastest Mario Kart 8 Deluxe World Records - Statistics

General Stats
  • This quiz has been taken 18 times
  • The average score is 4 of 10
Answer Stats
Time Answer % Correct
44.731 GCN Baby Park
75%
1:00.401 Big Blue
63%
59.968 GBA Mario Circuit
63%
56.392 N64 Rainbow Road
50%
58.517 Wii Moo Moo Meadows
50%
59.436 GBA Boo Lake
38%
56.489 3DS Toad Circuit
25%
55.241 SNES Donut Plains 3
25%
58.262 Tour New York Minute
25%
58.852 Tour Tokyo Blur
25%
No matching quizzes found
Score Distribution
Percent of People with Each Score
Percentile by Number Answered
Your Score History
You have not taken this quiz